| 000 | 00986 am a2200241 a 4500 | ||
|---|---|---|---|
| 005 | 20160128120116.0 | ||
| 008 | 100823s2005 ck a r 000 0 spa | ||
| 020 | _a9588067154 | ||
| 040 |
_aCO-BoFUB _cCO-BoIAVH _dCO-BoIAVH |
||
| 041 | 0 | _aspa | |
| 044 | _ack | ||
| 082 | 0 | 4 |
_a333.736 _bI19a |
| 110 | 2 | _aInstituto de Hidrología, Meteorología y Estudios Ambientales (Colombia) | |
| 245 | 1 | 0 |
_aAtlas interactivo de la degradación de tierras por desertificación en Colombia / _cIdeam ; Ministerio de Medio Ambiente, Vivienda y Desarrollo Territorial. |
| 260 |
_aBogotá : _bInstituto de Hidrología, Meteorología y Estudios Ambientales, _c2005. |
||
| 300 |
_a28 páginas : _bilustraciones, mapas ; _c28 x 21 cm. + _e1 CD-ROM. |
||
| 504 | _aIncluye bibliografía. | ||
| 650 | 6 |
_aDegradación del suelo _zColombia |
|
| 650 | 6 | _aDegradación del suelo | |
| 650 | 6 |
_aDesertificación _zColombia |
|
| 650 | 6 |
_aDesiertos _zColombia |
|
| 942 |
_2ddc _cLIBRO |
||
| 999 |
_c7030 _d7030 |
||